La pasión por los libros : un acercamiento a la bibliofilia.

Gespeichert in:
Bibliographische Detailangaben
1. Verfasser: Mendoza Díaz-Maroto, Francisco (autor)
Format: Buch
Sprache:Spanisch
Schriftenreihe:(Espasa Fórum)
Schlagworte:
Tags: Tag hinzufügen
Keine Tags, Fügen Sie das erste Tag hinzu!

MARC

LEADER 00000nam^a2200000^u^4500
001 000508858
005 20250521000000.0
008 090909s1000^^^^^^^^^^^^r^^^^^000^0^spa^d
009 20260310130050.92
022 |a 8467021217 
035 |a FCE 000053067 
037 |a Acervo ITESO - Biblioteca 
041 |a spa 
082 0 4 |a 002  |b MENp 
100 |a Mendoza Díaz-Maroto, Francisco  |e (autor) 
245 1 3 |a La pasión por los libros :  |b un acercamiento a la bibliofilia. 
264 |a Madrid :  |b Espasa calpe,  |c 2006. 
300 |a 397 p. 
336 |a texto  |b txt  |2 rdacontenido 
337 |a sin mediación  |b n  |2 rdamedio 
338 |a volumen  |b nc  |2 rdasoporte 
440 1 |a (Espasa Fórum) 
649 |a XX 
650 |a Historia 
650 |a Bibliofilia 
650 |a Bibliomanía 
650 |a Bibliófilos 
650 |a Libros y lectura 
650 |a España 
910 |a Fondo Centro de Estudios Educativos 
920 |a Impresos - Libros 
930 |a Fondos Especiales 
905 |a 133 
901 |a ALE067203  |b IT2  |c CEE  |u 20250521 
902 |a https://opac.biblio.iteso.mx/vufind/Record/000508858